[Event "Campionatul National de sah pe echipe m"]
[Site "Mamaia-Constanta"]
[Date "2013.09.05"]
[Round "6.4"]
[White "Georgescu, Tiberiu-Marian"]
[Black "Busu, Corneliu"]
[Result "1-0"]
[WhiteElo "2419"]
[BlackElo "2273"]
[PlyCount "125"]
[EventDate "2013.08.31"]
[EventRounds "9"]
[WhiteTeam "ACS SAH APA NOVA BUCURESTI"]
[BlackTeam "CS MUNCITORUL RESITA"]

1. d4 Nf6 2. c4 e6 3. Nc3 Bb4 4. Qc2 O-O 5. a3 Bxc3+ 6. Qxc3 b6 7. Bg5 Bb7 8.
e3 d6 9. Ne2 Nbd7 10. Qc2 c5 11. Rd1 Qc7 12. Nc3 a6 13. d5 exd5 14. cxd5 b5 15.
Bd3 h6 16. Bh4 Rfe8 17. O-O b4 18. axb4 cxb4 19. Ne4 Qxc2 20. Nxf6+ Nxf6 21.
Bxc2 g5 22. Bg3 Rad8 23. Rd4 Bxd5 24. f4 b3 25. Bd3 Rxe3 26. fxg5 Rxd3 27. Rxd3
Bc4 28. Rxf6 Bxd3 29. Rxh6 a5 30. Bxd6 Re8 31. Bc5 Bh7 32. h4 Rc8 33. Bd4 Rd8
34. Bc3 Rc8 35. Bxa5 Rc2 36. Rb6 Be4 37. Rxb3 Rxg2+ 38. Kf1 Rh2 39. Be1 Bd5 40.
Rb6 Kh7 41. Rh6+ Kg8 42. Bc3 Kf8 43. Bf6 Ke8 44. Rh8+ Kd7 45. h5 Bf3 46. h6 Be4
47. Rd8+ Ke6 48. Re8+ Kf5 49. Ke1 Bc6 50. Re2 Rh1+ 51. Kd2 Bf3 52. Re7 Kg6 53.
Re3 Bc6 54. Kc3 Bd7 55. b4 Be6 56. Kd4 Rc1 57. Rc3 Rb1 58. Kc5 Bg4 59. Rc2 Bf5
60. Rh2 Kh7 61. Rf2 Be6 62. b5 Bd7 63. Bb2 1-0

[Event "Campionatul National de sah pe echipe m"]
[Site "Mamaia-Constanta"]
[Date "2013.09.05"]
[Round "6.6"]
[White "Horvat, Dan-Sebastian"]
[Black "Vrencian, Lehel"]
[Result "0-1"]
[WhiteElo "2209"]
[BlackElo "2190"]
[PlyCount "82"]
[EventDate "2013.08.31"]
[EventRounds "9"]
[WhiteTeam "ACS SAH APA NOVA BUCURESTI"]
[BlackTeam "CS MUNCITORUL RESITA"]

1. e4 c5 2. Nf3 d6 3. d4 cxd4 4. Nxd4 Nf6 5. Nc3 a6 6. Bc4 e6 7. Bb3 b5 8. Bg5
Be7 9. Qf3 Qb6 10. Be3 Qb7 11. Qg3 O-O 12. f3 Nbd7 13. O-O Nc5 14. Qf2 Bd7 15.
Rfd1 a5 16. a3 b4 17. axb4 axb4 18. Rxa8 Rxa8 19. Nb1 Nxb3 20. Nxb3 Ra2 21. Bc1
Ba4 22. Kh1 Qc7 23. Qe2 d5 24. exd5 Nxd5 25. Qd3 Bf6 26. N1d2 Bxb2 27. Bxb2
Rxb2 28. Ra1 Nb6 29. Rxa4 Nxa4 30. Qb5 Qd8 31. h3 Nb6 32. Nd4 h6 33. N2b3 Qd6
34. Qf1 Ra2 35. Qb5 g6 36. h4 e5 37. Qe8+ Kg7 38. Nc6 Nd7 39. Nxb4 Qxb4 40.
Qxd7 Qe1+ 41. Kh2 Qxh4+ 0-1

[Event "Campionatul National de sah pe echipe m"]
[Site "Mamaia-Constanta"]
[Date "2013.09.05"]
[Round "6.1"]
[White "Miroshnichenko, Evgenij"]
[Black "Pop, Alexandru"]
[Result "1-0"]
[WhiteElo "2619"]
[BlackElo "2284"]
[PlyCount "45"]
[EventDate "2013.08.31"]
[EventRounds "9"]
[WhiteTeam "CS POLITEHNICA IASI"]
[BlackTeam "CS OTOPENI"]

1. Nf3 d5 2. g3 g6 3. c4 c6 4. Qa4 Nd7 5. cxd5 cxd5 6. Nc3 Ngf6 7. g4 h6 8. Bg2
Bg7 9. d3 O-O 10. g5 hxg5 11. Nxg5 Nb6 12. Qh4 e5 13. O-O Re8 14. e4 Bg4 15. f4
d4 16. fxe5 Rxe5 17. Bf4 Re7 18. e5 Nh5 19. Nce4 Bf5 20. Bf3 Bxe5 21. Bxh5 gxh5
22. Bxe5 Rxe5 23. Qg3 1-0

[Event "Campionatul National de sah pe echipe m"]
[Site "Mamaia-Constanta"]
[Date "2013.09.05"]
[Round "6.4"]
[White "Palamar, Theodor"]
[Black "Danilov, Vladimir"]
[Result "0-1"]
[WhiteElo "1766"]
[BlackElo "2405"]
[PlyCount "80"]
[EventDate "2013.08.31"]
[EventRounds "9"]
[WhiteTeam "CS OTOPENI"]
[BlackTeam "CS POLITEHNICA IASI"]

1. e4 e5 2. Nf3 Nc6 3. Nc3 Nf6 4. Bb5 Bb4 5. d3 d6 6. O-O Bxc3 7. bxc3 O-O 8.
h3 Ne7 9. Re1 c6 10. Ba4 Ng6 11. Bb3 h6 12. Be3 Qc7 13. c4 Be6 14. Bc1 a5 15.
a4 Rad8 16. Bb2 c5 17. Kh2 Qc8 18. Ng1 Nh7 19. g4 f6 20. Bc1 Ng5 21. f3 Kf7 22.
Kg3 Bd7 23. c3 Ne6 24. Ne2 Rh8 25. Be3 h5 26. Rh1 Rh7 27. Qd2 Rdh8 28. g5 h4+
29. Kg2 Rh5 30. gxf6 gxf6 31. Kf2 Ng5 32. Bxg5 Rxg5 33. Rag1 Rxg1 34. Rxg1 Bxh3
35. f4 Bd7 36. f5 Bxf5 37. exf5 Qxf5+ 38. Kg2 h3+ 39. Kh2 Qf2+ 40. Kh1 h2 0-1

[Event "Campionatul National de sah pe echipe m"]
[Site "Mamaia-Constanta"]
[Date "2013.09.05"]
[Round "6.5"]
[White "Ungureanu, Vlad"]
[Black "Stanciu, Andreea-Briana"]
[Result "1/2-1/2"]
[WhiteElo "2374"]
[BlackElo "1779"]
[PlyCount "113"]
[EventDate "2013.08.31"]
[EventRounds "9"]
[WhiteTeam "CS POLITEHNICA IASI"]
[BlackTeam "CS OTOPENI"]

1. d4 d5 2. c4 e6 3. Nc3 Nf6 4. Nf3 Be7 5. e3 Nbd7 6. Bd3 c6 7. a4 O-O 8. O-O
b6 9. e4 dxe4 10. Nxe4 Bb7 11. Qc2 h6 12. Rd1 Qc7 13. Nxf6+ Bxf6 14. Be4 Rac8
15. a5 Be7 16. Be3 Rfd8 17. axb6 axb6 18. Ne5 Nxe5 19. dxe5 Rxd1+ 20. Rxd1 Ra8
21. f4 c5 22. h3 Rd8 23. Rxd8+ Bxd8 24. Bxb7 Qxb7 25. f5 Bc7 26. Bf4 Qc6 27.
Qd3 Qe8 28. b3 Qc6 29. Kh2 f6 30. Qe3 exf5 31. exf6 Bxf4+ 32. Qxf4 Qxf6 33. h4
g5 34. Qb8+ Kg7 35. h5 Qe6 36. Qc7+ Kf6 37. Qd8+ Kg7 38. Qc7+ Qf7 39. Qe5+ Kg8
40. Kg1 f4 41. Qb8+ Kg7 42. Qxb6 Qxh5 43. Qc7+ Kf6 44. Qd6+ Kg7 45. Qe7+ Kg8
46. Qd6 Qe8 47. Kf1 Qf8 48. Qg6+ Qg7 49. Qe6+ Kh7 50. Qf5+ Qg6 51. Qxc5 Qb1+
52. Kf2 Qc2+ 53. Kf3 Qd1+ 54. Ke4 Qc2+ 55. Ke5 Qxb3 56. Kf6 Qc3+ 57. Qe5
1/2-1/2

[Event "Campionatul National de sah pe echipe m"]
[Site "Mamaia-Constanta"]
[Date "2013.09.05"]
[Round "6.2"]
[White "Baklan, Vladimir"]
[Black "Baratosi, Daniel"]
[Result "1-0"]
[WhiteElo "2621"]
[BlackElo "2402"]
[PlyCount "93"]
[EventDate "2013.08.31"]
[EventRounds "9"]
[WhiteTeam "CS STUD. MEDICINA TIMISOARA"]
[BlackTeam "CSU PLOIESTI"]

1. e4 d5 2. exd5 Qxd5 3. Nf3 Nf6 4. Be2 Bg4 5. h3 Bh5 6. c4 Qa5 7. O-O e6 8. d4
c6 9. Bf4 Nbd7 10. a3 Be7 11. Nc3 O-O 12. Re1 Rfe8 13. g4 Bg6 14. Bf1 h6 15.
Bg2 Rac8 16. b4 Qd8 17. Qb3 a6 18. Rad1 b5 19. Ne5 bxc4 20. Nxc4 Nd5 21. Bg3
N7b6 22. Ne5 Bh7 23. Bf1 f6 24. Nd3 Bd6 25. Bxd6 Qxd6 26. Ne4 Bxe4 27. Rxe4 f5
28. Ree1 fxg4 29. hxg4 Rf8 30. Ne5 Rf4 31. Qg3 Rcf8 32. Nd3 h5 33. gxh5 Qe7 34.
Nxf4 Nxf4 35. Re5 Nbd5 36. Rde1 Rf6 37. Bh3 Kh8 38. Bg4 Qf7 39. Rg5 Rh6 40.
Ree5 Qa7 41. Re4 Rf6 42. Rge5 Qf7 43. Re1 Rh6 44. Rc1 g6 45. Rxc6 gxh5 46. Rc8+
Kh7 47. Bd1 1-0

[Event "Campionatul National de sah pe echipe m"]
[Site "Mamaia-Constanta"]
[Date "2013.09.05"]
[Round "6.3"]
[White "Ionescu, Doru-Alexandru"]
[Black "Rogozenco, Dorian"]
[Result "1/2-1/2"]
[WhiteElo "2330"]
[BlackElo "2515"]
[PlyCount "51"]
[EventDate "2013.08.31"]
[EventRounds "9"]
[WhiteTeam "CSU PLOIESTI"]
[BlackTeam "CS STUD. MEDICINA TIMISOARA"]

1. e4 c5 2. d3 Nc6 3. g3 g6 4. Bg2 Bg7 5. f4 d6 6. Nf3 e5 7. O-O exf4 8. Bxf4
Nge7 9. Nc3 O-O 10. Qd2 Bg4 11. h3 Be6 12. Kh2 Qd7 13. Ng5 Ne5 14. a4 Rad8 15.
Rae1 a6 16. b3 b5 17. axb5 axb5 18. Ne2 N5c6 19. Be3 Ra8 20. d4 cxd4 21. Nxd4
Nxd4 22. Bxd4 Ra2 23. Nxe6 Qxe6 24. Rf2 Rc8 25. Qd1 Rc7 26. Ree2 $11 1/2-1/2

[Event "Campionatul National de sah pe echipe m"]
[Site "Mamaia-Constanta"]
[Date "2013.09.05"]
[Round "6.4"]
[White "Ardelean, George-Catalin"]
[Black "Tomescu, Vlad"]
[Result "1/2-1/2"]
[WhiteElo "2507"]
[BlackElo "2389"]
[PlyCount "32"]
[EventDate "2013.08.31"]
[EventRounds "9"]
[WhiteTeam "CS STUD. MEDICINA TIMISOARA"]
[BlackTeam "CSU PLOIESTI"]

1. e4 e5 2. Nf3 Nc6 3. Bc4 Nf6 4. d3 Be7 5. O-O O-O 6. Re1 d6 7. a4 h6 8. a5 a6
9. h3 Nh7 10. Nc3 Ng5 11. Bxg5 hxg5 12. Nh2 g6 13. Nd5 Kg7 14. c3 f5 15. d4 Bf6
16. dxe5 Nxe5 $11 1/2-1/2

[Event "Campionatul National de sah pe echipe m"]
[Site "Mamaia-Constanta"]
[Date "2013.09.05"]
[Round "6.5"]
[White "Voiteanu, Gabriel"]
[Black "Anton, Teodor"]
[Result "0-1"]
[WhiteElo "2250"]
[BlackElo "2442"]
[PlyCount "88"]
[EventDate "2013.08.31"]
[EventRounds "9"]
[WhiteTeam "CSU PLOIESTI"]
[BlackTeam "CS STUD. MEDICINA TIMISOARA"]

1. d4 Nf6 2. c4 e6 3. g3 c5 4. d5 exd5 5. cxd5 d6 6. Nc3 g6 7. Bg2 Bg7 8. Nf3
O-O 9. O-O Re8 10. Bf4 Ne4 11. Nxe4 Rxe4 12. Nd2 Rb4 13. a3 Rxf4 14. gxf4 Bxb2
15. Ra2 Bg7 16. a4 Na6 17. Nc4 Nb4 18. Ra3 b6 19. Qb3 Qf6 20. Qg3 Ba6 21. Rc1
Bh6 22. e3 Bxc4 23. Rxc4 Qb2 24. Rac3 Bg7 25. Rc1 Na2 26. Rf1 Nc3 27. Rxc3 Qxc3
28. f5 Be5 29. f4 Bf6 30. fxg6 hxg6 31. f5 g5 32. Qxd6 Qxe3+ 33. Kh1 Kg7 34.
Rf3 Qd4 35. Qg3 Rd8 36. Rf1 Qxa4 37. Qc7 Rh8 38. d6 Rxh2+ 39. Kxh2 Qh4+ 40. Bh3
Be5+ 41. Kg1 Qg3+ 42. Bg2 Bd4+ 43. Rf2 Qxf2+ 44. Kh2 Be5+ 0-1

[Event "Campionatul National de sah pe echipe m"]
[Site "Mamaia-Constanta"]
[Date "2013.09.05"]
[Round "6.6"]
[White "Doros, Radu-Marian"]
[Black "Deac, Bogdan-Daniel"]
[Result "1-0"]
[WhiteElo "2307"]
[BlackElo "2224"]
[PlyCount "73"]
[EventDate "2013.08.31"]
[EventRounds "9"]
[WhiteTeam "CS STUD. MEDICINA TIMISOARA"]
[BlackTeam "CSU PLOIESTI"]

1. c4 Nf6 2. Nc3 g6 3. g3 Bg7 4. Bg2 O-O 5. d4 d6 6. Nf3 Nbd7 7. O-O e5 8. e4
a6 9. Re1 exd4 10. Nxd4 Ng4 11. h3 Nge5 12. b3 Nc5 13. Be3 Ne6 14. Nde2 c5 15.
Nd5 Nc6 16. Rb1 Bd7 17. Kh2 b5 18. b4 Ncd4 19. bxc5 dxc5 20. f4 Rb8 21. e5 Nf5
22. Bf2 h5 23. Nec3 h4 24. g4 Ng3 25. Bxg3 hxg3+ 26. Kxg3 f6 $11 27. f5 gxf5
28. gxf5 Nd4 29. e6 Nxf5+ 30. Kf2 Bxe6 31. Rxe6 Nd4 32. Ne7+ Kf7 33. Re1 Ne6
34. Qh5+ Kxe7 35. Rxe6+ Kxe6 36. Re1+ Kd7 37. Qf5+ 1-0

[Event "Campionatul National de sah pe echipe m"]
[Site "Mamaia-Constanta"]
[Date "2013.09.05"]
[Round "6.3"]
[White "Itkis, Boris"]
[Black "Parligras, Mircea-Emilian"]
[Result "1/2-1/2"]
[WhiteElo "2391"]
[BlackElo "2560"]
[PlyCount "38"]
[EventDate "2013.08.31"]
[EventRounds "9"]
[WhiteTeam "CS VICTORIA TECHIRGHIOL"]
[BlackTeam "CS AEM LUXTEN TIMISOARA"]

1. d4 Nf6 2. c4 e6 3. Nf3 b6 4. g3 Bb7 5. Bg2 c5 6. d5 exd5 7. Ng5 h6 8. Nh3
Qc7 9. cxd5 d6 10. Nc3 g6 11. O-O Bg7 12. e4 O-O 13. f4 Nbd7 14. Nf2 a6 15. Re1
Rfe8 16. a4 c4 17. Be3 Nc5 18. Qc2 Rac8 19. Rad1 Ba8 1/2-1/2

[Event "Campionatul National de sah pe echipe m"]
[Site "Mamaia-Constanta"]
[Date "2013.09.05"]
[Round "6.6"]
[White "Toma, Radu-Cristian"]
[Black "Malureanu, Costin-George"]
[Result "1-0"]
[WhiteElo "2222"]
[BlackElo "2135"]
[PlyCount "53"]
[EventDate "2013.08.31"]
[EventRounds "9"]
[WhiteTeam "CS AEM LUXTEN TIMISOARA"]
[BlackTeam "CS VICTORIA TECHIRGHIOL"]

1. d4 d5 2. Nf3 Nf6 3. c4 e6 4. e3 Nbd7 5. Bd3 c6 6. O-O dxc4 7. Bxc4 b5 8. Bd3
Bd6 9. a4 b4 10. e4 e5 11. Nbd2 O-O 12. Nc4 Qc7 13. Nh4 Nb6 14. Nxb6 Qxb6 15.
a5 Qd8 16. f4 Bc7 17. dxe5 Qd4+ 18. Kh1 Ng4 19. Qe2 f6 20. h3 Nh6 21. Be3 Qd8
22. Bc4+ Kh8 23. Rad1 Qe7 24. Qf2 Rd8 25. Bc5 Qe8 26. exf6 gxf6 27. Bd4 1-0

[Event "Campionatul National de sah pe echipe m"]
[Site "Mamaia-Constanta"]
[Date "2013.09.06"]
[Round "7.3"]
[White "Lupulescu, Constantin"]
[Black "Vajda, Levente"]
[Result "1/2-1/2"]
[WhiteElo "2634"]
[BlackElo "2613"]
[PlyCount "82"]
[EventDate "2013.08.31"]
[EventRounds "9"]
[WhiteTeam "CS AEM LUXTEN TIMISOARA"]
[BlackTeam "CLUBUL DE SAH AL MUN. BAIA MARE"]

1. d4 d5 2. c4 e6 3. Nf3 Nf6 4. Nc3 Bb4 5. Qa4+ Nc6 6. e3 O-O 7. Bd2 dxc4 8.
Bxc4 Bd6 9. a3 a6 10. Qc2 e5 11. d5 Ne7 12. O-O h6 13. h3 b5 14. Ba2 Bb7 15. e4
c6 16. dxc6 Bxc6 17. Rad1 Qc7 18. Bxh6 Bxe4 19. Qd2 Rad8 20. Nxe4 Nxe4 21. Qe3
Ng3 22. Rc1 Nef5 23. Qg5 Qb6 24. Qg6 Bc5 25. Qxb6 Bxb6 26. Bg5 Ne2+ 27. Kh1
Nxc1 28. Bxd8 Rxd8 29. Rxc1 e4 30. Ng5 Nd6 31. Rd1 Kf8 32. g3 Nc4 33. Rxd8+
Bxd8 34. Bxc4 Bxg5 35. Bd5 Bc1 36. b3 Bxa3 37. Bxe4 Bc5 38. Bb7 a5 39. Bc6 Bxf2
40. Kg2 Be1 41. Bxb5 Ke7 1/2-1/2

[Event "Campionatul National de sah pe echipe m"]
[Site "Mamaia-Constanta"]
[Date "2013.09.06"]
[Round "7.4"]
[White "Szabo, Gergely-Andras-Gyul"]
[Black "Parligras, Mircea-Emilian"]
[Result "1/2-1/2"]
[WhiteElo "2550"]
[BlackElo "2560"]
[PlyCount "121"]
[EventDate "2013.08.31"]
[EventRounds "9"]
[WhiteTeam "CLUBUL DE SAH AL MUN. BAIA MARE"]
[BlackTeam "CS AEM LUXTEN TIMISOARA"]

1. e4 c5 2. Nf3 d6 3. c3 Nf6 4. Be2 Nbd7 5. d3 g6 6. O-O Bg7 7. Nbd2 O-O 8. d4
e6 9. Re1 b6 10. Bd3 Bb7 11. Qe2 Qc7 12. Nf1 a6 13. Bg5 h6 14. Bd2 b5 15. Ng3
Rfe8 16. a4 c4 17. Bc2 e5 18. Qf1 Nb6 19. axb5 axb5 20. Rxa8 Rxa8 21. Ra1 Qb8
22. h3 Nfd7 23. b4 Ra7 24. dxe5 dxe5 25. Be3 Bc6 26. Qc1 Kh7 27. Nh2 Rxa1 28.
Qxa1 Qa8 29. Qxa8 Nxa8 30. Kf1 Nc7 31. Ne2 Ne6 32. g3 Ng5 33. Bxg5 hxg5 34. Ng4
Kg8 35. Ne3 Nb6 36. Ke1 Kf8 37. Ng1 Ke7 38. Ke2 Ke6 39. Nf3 f6 40. h4 gxh4 41.
Nxh4 Kf7 42. f4 exf4 43. gxf4 Nc8 44. Ng4 Ne7 45. Ke3 Bd7 46. f5 gxf5 47. exf5
Nd5+ 48. Kd4 Nf4 49. Ke3 Nd5+ 50. Kd4 Nf4 51. Bd1 Bf8 52. Bf3 Bd6 53. Ke3 Kg7
54. Be4 Nh5 55. Kd4 Ng3 56. Kd5 Bf4 57. Bf3 Bd2 58. Kd4 Bg5 59. Ng2 Nxf5+ 60.
Kc5 Bd2 61. Bc6 1/2-1/2

[Event "Campionatul National de sah pe echipe m"]
[Site "Mamaia-Constanta"]
[Date "2013.09.06"]
[Round "7.5"]
[White "Nevednichy, Vladislav"]
[Black "Banusz, Tamas"]
[Result "1-0"]
[WhiteElo "2573"]
[BlackElo "2595"]
[PlyCount "67"]
[EventDate "2013.08.31"]
[EventRounds "9"]
[WhiteTeam "CS AEM LUXTEN TIMISOARA"]
[BlackTeam "CLUBUL DE SAH AL MUN. BAIA MARE"]

1. e4 e5 2. Nf3 Nc6 3. d4 exd4 4. Bc4 Nf6 5. e5 d5 6. Bb5 Ne4 7. Nxd4 Bc5 8.
Be3 Bxd4 9. Qxd4 O-O 10. Bxc6 bxc6 11. Nc3 Bf5 12. O-O-O f6 13. Nxe4 Bxe4 14.
exf6 Qxf6 15. f3 Bf5 16. h4 h6 17. Rhe1 Qxd4 18. Rxd4 Rfe8 19. Kd2 a6 20. Rf4
Bd7 21. Bf2 Rxe1 22. Kxe1 a5 23. a4 h5 24. b3 Re8+ 25. Kd1 Ra8 26. Kd2 Re8 27.
Bd4 Bc8 28. g4 hxg4 29. fxg4 Ba6 30. Be3 Re5 31. g5 Bc8 32. Bd4 Rf5 33. Rxf5
Bxf5 34. Bc3 1-0

[Event "Campionatul National de sah pe echipe m"]
[Site "Mamaia-Constanta"]
[Date "2013.09.06"]
[Round "7.6"]
[White "Hajbok, Robert"]
[Black "Bida, Mihai-Eugen"]
[Result "1/2-1/2"]
[WhiteElo "2345"]
[BlackElo "2225"]
[PlyCount "78"]
[EventDate "2013.08.31"]
[EventRounds "9"]
[WhiteTeam "CLUBUL DE SAH AL MUN. BAIA MARE"]
[BlackTeam "CS AEM LUXTEN TIMISOARA"]

1. e4 e5 2. Nf3 Nc6 3. d4 exd4 4. Nxd4 Nf6 5. Nxc6 bxc6 6. Bd3 d5 7. e5 Ng4 8.
O-O Bc5 9. Bf4 Nxf2 10. Rxf2 Bxf2+ 11. Kxf2 Qh4+ 12. Bg3 Qd4+ 13. Kf1 Qxb2 14.
Nd2 h6 15. Nb3 O-O 16. Qc1 Qxc1+ 17. Rxc1 f6 18. exf6 Rxf6+ 19. Kg1 Rf7 20. Re1
Bf5 21. Bxf5 Rxf5 22. Bxc7 c5 23. Bd6 c4 24. Nd4 Rf6 25. Bb4 Rf7 26. Bc3 Rb8
27. Nc6 Rb6 28. Ne7+ Kh7 29. a4 Ra6 30. a5 d4 31. Bxd4 Rxa5 32. Nc6 Ra2 33. c3
Rb7 34. Nb4 Rd2 35. Ra1 Rxd4 36. cxd4 Rxb4 37. Rxa7 c3 38. Rc7 Rxd4 39. Rxc3
Rd2 1/2-1/2

[Event "Campionatul National de sah pe echipe m"]
[Site "Mamaia-Constanta"]
[Date "2013.09.06"]
[Round "7.1"]
[White "Nyzhnyk, Illya"]
[Black "Timoshenko, Georgy"]
[Result "1/2-1/2"]
[WhiteElo "2625"]
[BlackElo "2518"]
[PlyCount "27"]
[EventDate "2013.08.31"]
[EventRounds "9"]
[WhiteTeam "CS STUD. MEDICINA TIMISOARA"]
[BlackTeam "CS VICTORIA TECHIRGHIOL"]

1. d4 Nf6 2. c4 e6 3. Nf3 b6 4. g3 Bb7 5. Bg2 Be7 6. O-O O-O 7. Re1 a5 8. Bg5
h6 9. Bd2 c5 10. Bc3 d5 11. cxd5 exd5 12. Nbd2 Nc6 13. Rc1 Ne4 14. dxc5 1/2-1/2

[Event "Campionatul National de sah pe echipe m"]
[Site "Mamaia-Constanta"]
[Date "2013.09.06"]
[Round "7.4"]
[White "Raceanu, Valentin"]
[Black "Ardelean, George-Catalin"]
[Result "1/2-1/2"]
[WhiteElo "2424"]
[BlackElo "2507"]
[PlyCount "96"]
[EventDate "2013.08.31"]
[EventRounds "9"]
[WhiteTeam "CS VICTORIA TECHIRGHIOL"]
[BlackTeam "CS STUD. MEDICINA TIMISOARA"]

1. d4 Nf6 2. c4 c5 3. d5 e6 4. Nc3 exd5 5. cxd5 d6 6. Nf3 g6 7. Bf4 a6 8. a4
Bg7 9. e3 O-O 10. Be2 Nh5 11. Bg5 f6 12. Bh4 g5 13. Bd3 gxh4 14. Nxh4 Qe8 15.
Be2 f5 16. Bxh5 Qe7 17. g3 f4 18. Bg4 fxe3 19. f4 Bd7 20. O-O a5 21. Bxd7 Nxd7
22. Qd3 Qf7 23. Nf3 Nb6 24. Rfe1 Rae8 25. Rad1 c4 26. Qc2 h6 27. Re2 Qh5 28.
Nd4 Nxd5 29. Nxd5 Qxd5 30. Nb5 Qe4 31. Qxe4 Rxe4 32. Kg2 Rd8 33. Kf3 d5 34.
Rxd5 Rxf4+ 35. gxf4 Rxd5 36. Kxe3 Rd7 37. Rc2 Kf7 38. Ke4 Bf6 39. Rxc4 Bxb2 40.
h4 Kf6 41. Rc2 Ba1 42. h5 Rd1 43. Rg2 Re1+ 44. Kf3 Rf1+ 45. Ke4 Re1+ 46. Kf3
Rf1+ 47. Ke4 Rd1 48. Rc2 Rg1 1/2-1/2

[Event "Campionatul National de sah pe echipe m"]
[Site "Mamaia-Constanta"]
[Date "2013.09.06"]
[Round "7.6"]
[White "Malureanu, Costin-George"]
[Black "Doros, Radu-Marian"]
[Result "1/2-1/2"]
[WhiteElo "2135"]
[BlackElo "2307"]
[PlyCount "60"]
[EventDate "2013.08.31"]
[EventRounds "9"]
[WhiteTeam "CS VICTORIA TECHIRGHIOL"]
[BlackTeam "CS STUD. MEDICINA TIMISOARA"]

1. e4 c5 2. Nf3 d6 3. d4 cxd4 4. Nxd4 Nf6 5. Nc3 a6 6. f4 Qc7 7. Bd3 g6 8. Qe2
Bg7 9. Nf3 Nbd7 10. Be3 b5 11. Bd4 e5 12. fxe5 dxe5 13. Bf2 Bb7 14. O-O O-O 15.
h3 Nc5 16. Bg3 Rfe8 17. a3 Rad8 18. Rad1 Nh5 19. Bh2 Nf4 20. Qe3 Bh6 21. Kh1
Kg7 22. Nxe5 Nfxd3 23. Qxh6+ Kxh6 24. Ng4+ Kg7 25. Bxc7 Rc8 26. cxd3 Rxc7 27.
Ne3 Rd7 28. Ned5 f5 29. Kh2 Red8 30. Rfe1 Bxd5 1/2-1/2

[Event "Campionatul National de sah pe echipe m"]
[Site "Mamaia-Constanta"]
[Date "2013.09.06"]
[Round "7.1"]
[White "Pop, Alexandru"]
[Black "Cioara, Andrei-Nestor"]
[Result "0-1"]
[WhiteElo "2284"]
[BlackElo "2462"]
[PlyCount "110"]
[EventDate "2013.08.31"]
[EventRounds "9"]
[WhiteTeam "CS OTOPENI"]
[BlackTeam "CSU PLOIESTI"]

1. d4 e6 2. c4 Nf6 3. Nc3 Bb4 4. e3 O-O 5. Nge2 d5 6. a3 Bd6 7. cxd5 exd5 8.
Ng3 a5 9. Bd3 Re8 10. Qc2 c6 11. Nf5 Bf8 12. O-O Na6 13. Bd2 Nc7 14. f3 Ne6 15.
Rae1 g6 16. Ng3 Bd6 17. f4 Ng7 18. e4 dxe4 19. Ncxe4 Nxe4 20. Nxe4 Bf5 21. Bc3
Be7 22. Ng3 Bxd3 23. Qxd3 f5 24. Qc4+ Kf8 25. Re5 Bf6 26. Rxe8+ Nxe8 27. Re1
Qd5 28. Qxd5 cxd5 29. Re6 Bd8 30. Kf2 Nf6 31. Re1 Kf7 32. Kf3 Rc8 33. Ke2 Ne4
34. Nxe4 dxe4 35. g4 b6 36. Rd1 Be7 37. gxf5 gxf5 38. d5 Bxa3 39. d6 Bb4 40. d7
Rd8 41. Bxb4 axb4 42. Rd5 Ke6 43. Re5+ Kf6 44. Rd5 b3 45. Ke3 b5 46. Kd4 Ke6
47. Re5+ Kxd7 48. Rxf5 Kc6+ 49. Kxe4 Rd2 50. Rg5 Rxb2 51. Rg3 Kc5 52. Rf3 Kc4
53. f5 Re2+ 54. Kf4 b2 55. Rf1 Rf2+ 0-1

[Event "Campionatul National de sah pe echipe m"]
[Site "Mamaia-Constanta"]
[Date "2013.09.06"]
[Round "7.3"]
[White "Daianu, Cristian-Clement"]
[Black "Ionescu, Doru-Alexandru"]
[Result "1/2-1/2"]
[WhiteElo "2233"]
[BlackElo "2330"]
[PlyCount "109"]
[EventDate "2013.08.31"]
[EventRounds "9"]
[WhiteTeam "CS OTOPENI"]
[BlackTeam "CSU PLOIESTI"]

1. e4 c5 2. Nf3 Nc6 3. d4 cxd4 4. Nxd4 g6 5. Nc3 Bg7 6. Be3 Nf6 7. Bc4 Qa5 8.
O-O O-O 9. Bb3 d6 10. h3 Bd7 11. Re1 Rfc8 12. Nd5 Qd8 13. Nxf6+ Bxf6 14. f4 Na5
15. Bf2 e6 16. c3 Nxb3 17. axb3 a6 18. Qf3 Bg7 19. Rad1 Qe7 20. e5 dxe5 21.
fxe5 Be8 22. Qg4 h5 23. Qf4 Rc5 24. Nf3 Rb5 25. b4 b6 26. Rd2 a5 27. Bh4 Qf8
28. Rd4 axb4 29. cxb4 Bc6 30. Red1 Rd5 31. Rc1 Rxd4 32. Nxd4 Be8 33. Nf3 Bh6
34. Bg5 Bg7 35. Rc7 Bb5 36. Be7 Qe8 37. Bd6 Bd7 38. Ng5 Bh6 39. Rb7 Rc8 40. h4
b5 41. Bc5 Bxg5 42. Qxg5 Rb8 43. Ra7 Ra8 44. Ra5 Bc6 45. Bd6 Kh7 46. Qf4 Bb7
47. Kh2 Kg8 48. Qh6 Bc6 49. g4 hxg4 50. h5 Bb7 51. Kg3 Be4 52. hxg6 fxg6 53.
Qe3 Bc6 54. Kxg4 Qf7 55. Rxa8+ 1/2-1/2

[Event "Campionatul National de sah pe echipe m"]
[Site "Mamaia-Constanta"]
[Date "2013.09.06"]
[Round "7.4"]
[White "Tomescu, Vlad"]
[Black "Dicu, Razvan-Stefan"]
[Result "0-1"]
[WhiteElo "2389"]
[BlackElo "2228"]
[PlyCount "28"]
[EventDate "2013.08.31"]
[EventRounds "9"]
[WhiteTeam "CSU PLOIESTI"]
[BlackTeam "CS OTOPENI"]

1. d4 Nf6 2. Nf3 e6 3. e3 b6 4. Bd3 Bb7 5. O-O c5 6. c4 g6 7. Nc3 Bg7 8. b3 O-O
9. Bb2 cxd4 10. Nxd4 a6 11. Qe2 e5 12. Nf5 gxf5 13. Bxf5 Nc6 14. Rad1 Ne7 0-1

[Event "Campionatul National de sah pe echipe m"]
[Site "Mamaia-Constanta"]
[Date "2013.09.06"]
[Round "7.5"]
[White "Vasile, Claudiu-Daniel"]
[Black "Voiteanu, Gabriel"]
[Result "1/2-1/2"]
[WhiteElo "2171"]
[BlackElo "2250"]
[PlyCount "80"]
[EventDate "2013.08.31"]
[EventRounds "9"]
[WhiteTeam "CS OTOPENI"]
[BlackTeam "CSU PLOIESTI"]

1. e4 e5 2. Nf3 Nf6 3. d4 Nxe4 4. Bd3 d5 5. Nxe5 Nd7 6. Nxd7 Bxd7 7. O-O Bd6 8.
c4 c6 9. cxd5 cxd5 10. Nc3 Nxc3 11. bxc3 O-O 12. Qh5 g6 13. Qxd5 Qc7 14. c4 Be6
15. Qf3 Bxc4 16. Bh6 Rfd8 17. Rfc1 b5 18. a4 Qe7 19. Bxc4 bxc4 20. Rxc4 Qh4 21.
Qh3 Qxh3 22. gxh3 Rac8 23. Rac1 Rxc4 24. Rxc4 f5 25. Bg5 Rd7 26. Kg2 Kf7 27.
Rc6 Be7 28. Bxe7 Kxe7 29. Ra6 Rxd4 30. Rxa7+ Kf6 31. a5 Ra4 32. a6 Kg5 33. Rxh7
Rxa6 34. h4+ Kf6 35. h5 Kg5 36. h4+ Kxh4 37. hxg6+ Kg5 38. g7 Rg6 39. Kf3 Kf6
40. Rh4 Kg5 1/2-1/2

[Event "Campionatul National de sah pe echipe m"]
[Site "Mamaia-Constanta"]
[Date "2013.09.06"]
[Round "7.6"]
[White "Deac, Bogdan-Daniel"]
[Black "Palamar, Cristian"]
[Result "1-0"]
[WhiteElo "2224"]
[BlackElo "2111"]
[PlyCount "59"]
[EventDate "2013.08.31"]
[EventRounds "9"]
[WhiteTeam "CSU PLOIESTI"]
[BlackTeam "CS OTOPENI"]

1. d4 Nf6 2. c4 e6 3. Nf3 d5 4. Bg5 Be7 5. Nc3 O-O 6. e3 h6 7. Bh4 b6 8. Rc1
Bb7 9. Bxf6 Bxf6 10. cxd5 exd5 11. Bd3 Nd7 12. O-O c5 13. Bf5 g6 14. Bxd7 Qxd7
15. dxc5 Rfd8 16. cxb6 axb6 17. Nd4 Re8 18. Qd2 Re5 19. Rfd1 Rae8 20. Ncb5 Bd8
21. a4 Rg5 22. Qe2 Re4 23. g3 h5 24. Nc3 Reg4 25. Qb5 Qd6 26. Qe8+ Kg7 27. f4
Bf6 28. Ncb5 Qb4 29. fxg5 Bxg5 30. Rc7 1-0